1968: a harmadik kakasszó
Elmentve itt :
| Szerző: | |
|---|---|
| Adatforrás: | Meister |
| Forrásdokumentuma: | Korunk. - 5 sz., 1991, 586-593 p. |
| Nyelv: | magyar |
| Kulcsszavak: | művelődéstörténet művelődéspolitika sajtó politikai intézmények magyar-román kapcsolatok irodalom & politika kettős kötődés magyar irodalom (romániai) DOMOKOS Géza HAJDU Győző CEAUSESCU Nicolae ÁGOSTON Vilmos HUSZÁR Sándor Román Kommunista Párt (PCR) Korunk Utunk Előre Világosság Magyar Népi Szövetség (MNSZ) A Hét |
| LEADER | 00957nab a2200349 i 4500 | ||
|---|---|---|---|
| 001 | bibPRO00001889 | ||
| 008 | 060524s1991 xx hun | ||
| 040 | |a Sz1 | ||
| 041 | |a hun | ||
| 100 | 1 | |a KÁNTOR Lajos | |
| 245 | 1 | 0 | |a 1968: a harmadik kakasszó |c KÁNTOR Lajos |
| 695 | |a művelődéstörténet | ||
| 695 | |a művelődéspolitika | ||
| 695 | |a sajtó | ||
| 695 | |a politikai intézmények | ||
| 695 | |a magyar-román kapcsolatok | ||
| 695 | |a irodalom & politika | ||
| 695 | |a kettős kötődés | ||
| 695 | |a magyar irodalom (romániai) | ||
| 695 | |a DOMOKOS Géza | ||
| 695 | |a HAJDU Győző | ||
| 695 | |a CEAUSESCU Nicolae | ||
| 695 | |a ÁGOSTON Vilmos | ||
| 695 | |a HUSZÁR Sándor | ||
| 695 | |a Román Kommunista Párt (PCR) | ||
| 695 | |a Korunk | ||
| 695 | |a Utunk | ||
| 695 | |a Előre | ||
| 695 | |a Világosság | ||
| 695 | |a Magyar Népi Szövetség (MNSZ) | ||
| 695 | |a A Hét | ||
| 773 | 0 | |t Korunk. - |g 5 sz., 1991, 586-593 p. | |